000 00710nam a2200181Ia 4500
008 100917s9999 xx 000 0 und d
082 _b55429
100 _aकेळकर द्वा. वा.
245 _aअर्वाचीन भारतीय शास्त्रज्ञ
260 _bपुणे अनाथ विद्यार्थी गृह प्रकाशन
_c1970
300 _a89
365 _b6
520 _aबालविभाग
630 _aअर्वाचीन भारतीय शास्त्रज्ञ
650 _aबालविभाग
730 _aअर्वाचीन भारतीय शास्त्रज्ञ
942 _cBOOK
999 _c660823
_d660820